| 000 | 01508cam a2200361 a 4500 | ||
|---|---|---|---|
| 001 | 14610430 | ||
| 005 | 20170105102916.0 | ||
| 008 | 061025s2007 nju b 001 0 eng | ||
| 010 | _a 2006035857 | ||
| 015 |
_aGBA724236 _2bnb |
||
| 016 | 7 |
_a013704420 _2Uk |
|
| 020 | _a9780691129433 (hardback : alk. paper) | ||
| 020 | _a0691129436 (hardback : alk. paper) | ||
| 035 | _a(OCoLC)ocm74915818 | ||
| 035 | _a(OCoLC)74915818 | ||
| 040 |
_aDLC _cDLC _dBAKER _dBTCTA _dUKM _dC#P _dYDXCP _dIAY _dDLC |
||
| 050 | 0 | 0 |
_aJC598 _b.L56 2007 |
| 082 | 0 | 0 |
_a352.8/8 _222 |
| 100 | 1 |
_aLindley, Dan, _d1961- |
|
| 245 | 1 | 0 |
_aPromoting peace with information : _btransparency as a tool of security regimes / _cDan Lindley. |
| 260 |
_aPrinceton : _bPrinceton University Press, _cc2007. |
||
| 300 |
_axiv, 280 p. ; _c24 cm. |
||
| 504 | _aIncludes bibliographical references (p. [237]-268) and index. | ||
| 650 | 0 | _aTransparency in government. | |
| 650 | 0 | _aPeace-building. | |
| 650 | 0 | _aInternational agencies. | |
| 856 | 4 | 1 |
_3Table of contents only _uhttp://www.loc.gov/catdir/toc/ecip074/2006035857.html |
| 856 | 4 | 2 |
_3Publisher description _uhttp://www.loc.gov/catdir/enhancements/fy0704/2006035857-d.html |
| 856 | 4 | 2 |
_3Contributor biographical information _uhttp://www.loc.gov/catdir/enhancements/fy0734/2006035857-b.html |
| 906 |
_a7 _bcbc _corignew _d1 _eecip _f20 _gy-gencatlg |
||
| 942 |
_2ddc _cBK |
||
| 999 |
_c15386 _d15386 |
||